Statistiken für Länder, die einen Buchstaben enthalten - RR+

Klicken Sie hier um das Quiz zu spielen!

Allgemein

  • Dieses Quiz wurde 220 mal gespielt
  • Das Durchschnittsergebnis liegt bei 6 aus 11

Antwortstatistiken

HinweisLand% Korrekt
2 x RVereinigtes Königreich
85%
3 x RVereinigte Arabische Emirate
75%
2 x RDemokratische Republik Kongo
71%
3 x RFöderierte Staaten von Mikronesien
62%
2 x RFrankreich
62%
3 x RZentralafrikanische Republik
62%
2 x RNordkorea
53%
2 x RAndorra
49%
2 x RÖsterreich
47%
2 x REritrea
35%
2 x RSierra Leone
31%

Verteilung der Resultate

Perzentil nach korrekt beantworteten Fragen

Anzahl Personen mit jedem Resultat

Ihre Resultats-Entwicklung

Sie haben dieses Quiz noch nicht gespielt